Catálogo público

UNESCO databases (disco compacto) (Record no. 80813)

MARC details
000 -CABECERA
campo de control de longitud fija 01638nmm a22004217a 4500
003 - IDENTIFICADOR DEL NÚMERO DE CONTROL
campo de control CHAP
005 - FECHA Y HORA DE LA ÚLTIMA TRANSACCIÓN
campo de control 20240605104231.0
007 - CAMPO FIJO DE DESCRIPCIÓN FÍSICA--INFORMACIÓN GENERAL
campo de control de longitud fija co |g |||aaaaa
008 - DATOS DE LONGITUD FIJA--INFORMACIÓN GENERAL
campo de control de longitud fija 000412s1997 fr | b 10 mul d
010 ## - NÚMERO DE CONTROL DE LA BIBLIOTECA DEL CONGRESO
Número de control de LC 80813
011 ## - ENLACE DEL NUMERO DE CONTROL DE LA BIBLIOTECA DEL CONGRESO [OBSOLETO]
Número de control de LC 81785
020 ## - NÚMERO INTERNACIONAL ESTÁNDAR DEL LIBRO
Número Internacional Estándar del Libro 9230034150
035 ## - NÚMERO DE CONTROL DEL SISTEMA
Número de control de sistema 92265
040 ## - FUENTE DE LA CATALOGACIÓN
Centro/agencia transcriptor CHAP
041 ## - CÓDIGO DE LENGUA
Código de lengua del texto/banda sonora o título independiente mul
090 ## - LOCALMENTE ASIGNADO TIPO-LC NÚMERO DE CLASIFICACIÓN (OCLC); NÚMERO DE CLASIFICACIÓN LOCAL (RLIN)
Número de clasificación (OCLC) (R) ; Numero de clasificación, CALL (RLIN) (NR) CD-7
110 2# - ENTRADA PRINCIPAL--NOMBRE DE ENTIDAD CORPORATIVA
Nombre de entidad corporativa o nombre de jurisdicción como elemento de entrada UNESCO
245 #0 - MENCIÓN DE TÍTULO
Título UNESCO databases (disco compacto)
Medio [disco compacto]
Mención de responsabilidad, etc. /por UNESCO
260 ## - PUBLICACIÓN, DISTRIBUCIÓN, ETC.
Lugar de publicación, distribución, etc. Paris :
Nombre del editor, distribuidor, etc. UNESCO. Centro de Intercambio de Información,
Fecha de publicación, distribución, etc. 1997.
300 ## - DESCRIPCIÓN FÍSICA
Extensión 1 disco compacto (CD) :
Dimensiones 4 3/4 pulgadas (12cm.)
336 ## - TIPO DE CONTENIDO
Fuente rdacontent
Término de tipo de contenido programa de computadora
Código de tipo de contenido cop
337 ## - TIPO DE MEDIO
Fuente rdamedia
Nombre/término del tipo de medio ordenador
Código del tipo de medio c
338 ## - TIPO DE SOPORTE
Fuente rdacamier
Nombre/término del tipo de soporte disco de computadora
Código del tipo de soporte cd
516 ## - NOTA DE TIPO DE ARCHIVO DE ORDENADOR O DE DATOS
Nota de tipo de archivo de ordenador o de datos Bases de datos y referencias bibliográficas
538 ## - NOTA DE DETALLES DEL SISTEMA
Nota de detalles del sistema IBM-PC/XT/AT o compatible, Memoria viva: al menos 640 ko, Disco duro: al menos 3 Mo libre, Windows 3.x o Windows 95, MS-DOS versión 3.0 o superior, MS-DOS extensión MSCDEX.EXE versión 2.0 o superior, Pantalla monocromática o en colores, Lector de CD-ROM (ISO 9660)
546 ## - NOTA DE LENGUA/LENGUAJE
Nota de lengua/lenguaje El contenido está en idiomas: español, inglés, francés
590 ## - NOTA LOCAL (RLIN)
Nota local BATCH-UPD
Procedencia (VM) [OBSOLETO] 10
Condición del los carretes individuales (VM) [OBSOLETO] 20130110
590 ## - NOTA LOCAL (RLIN)
Nota local BATCH-UPD
Procedencia (VM) [OBSOLETO] 10
Condición del los carretes individuales (VM) [OBSOLETO] 20130410
590 ## - NOTA LOCAL (RLIN)
Nota local BATCH-UPD
Procedencia (VM) [OBSOLETO] 10
Condición del los carretes individuales (VM) [OBSOLETO] 20130914
590 ## - NOTA LOCAL (RLIN)
Nota local CONVERSION
Procedencia (VM) [OBSOLETO] 10
Condición del los carretes individuales (VM) [OBSOLETO] 20130109
650 14 - PUNTO DE ACCESO ADICIONAL DE MATERIA--TÉRMINO DE MATERIA
Término de materia o nombre geográfico como elemento de entrada Ciencias sociales
Subdivisión general Bibliografía.
9 (RLIN) 23215
650 14 - PUNTO DE ACCESO ADICIONAL DE MATERIA--TÉRMINO DE MATERIA
Término de materia o nombre geográfico como elemento de entrada Educación
Subdivisión general Bibliografía.
9 (RLIN) 35417
650 14 - PUNTO DE ACCESO ADICIONAL DE MATERIA--TÉRMINO DE MATERIA
Término de materia o nombre geográfico como elemento de entrada Museos historicos
Subdivisión general Bibliografía.
9 (RLIN) 79877
650 14 - PUNTO DE ACCESO ADICIONAL DE MATERIA--TÉRMINO DE MATERIA
Término de materia o nombre geográfico como elemento de entrada SIDA (Enfermedad)
9 (RLIN) 105806
905 ## - ELEMENTOS DE DATOS E LOCAL, LDE (RLIN)
a Lilia Sánchez G.
942 ## - ELEMENTOS DE PUNTO DE ACCESO ADICIONAL (KOHA)
Tipo de ítem Koha CD
Fuente del sistema de clasificación o colocación Clasificación Universidad Autónoma de Chapingo
949 ## - PROCESAMIENTO DE INFORMACIÓN LOCAL (OCLC)
a CD-7
b BC
c CD
d 33724000778445
e CD
i 92265
s b
Holdings
Estado de retiro Estado de pérdida Fuente del sistema de clasificación o colocación Estado dañado Restricciones de uso No para préstamo Código de colección Localización permanente Ubicación/localización actual Ubicación en estantería Fecha de adquisición Total de préstamos Signatura topográfica completa Código de barras Fecha visto por última vez Precio válido a partir de Tipo de ítem Koha
    Clasificación Universidad Autónoma de Chapingo   Préstamo interno   Material multimedia Biblioteca Central Biblioteca Central Planta Principal - Área de préstamo - Mat. Multimedia 17/12/2012   CD-7 33724000778445 31/12/2019 31/12/2019 CD